Vector analysis with applications (Record no. 5838)

000 -LEADER
fixed length control field 00528nam a22002051 4500
001 - CONTROL NUMBER
control field 5838
003 - CONTROL NUMBER IDENTIFIER
control field BD-DhUET
008 - FIXED-LENGTH DATA ELEMENTS--GENERAL INFORMATION
fixed length control field 861017s1932 enka 000 0 eng c
020 ## - INTERNATIONAL STANDARD BOOK NUMBER
International Standard Book Number 8122405487
040 ## - CATALOGING SOURCE
Original cataloging agency DLC/ICU
Transcribing agency CGU
Modifying agency BD-DhUET
082 0# - DEWEY DECIMAL CLASSIFICATION NUMBER
Classification number 516.83
Item number ALI/1993
100 ## - MAIN ENTRY--PERSONAL NAME
Personal name Ali Ashraf, Md.
245 10 - TITLE STATEMENT
Title Vector analysis with applications
250 ## - EDITION STATEMENT
Edition statement 3rd ed.
260 ## - PUBLICATION, DISTRIBUTION, ETC. (IMPRINT)
Place of publication, distribution, etc. New Delhi
Name of publisher, distributor, etc. Wiley Eastern
Date of publication, distribution, etc. 1993
300 ## - PHYSICAL DESCRIPTION
Extent xv,308p.
Other physical details ill.
Dimensions 23 cm.
504 ## - BIBLIOGRAPHY, ETC. NOTE
Bibliography, etc Includes bibliographies
650 #0 - SUBJECT ADDED ENTRY--TOPICAL TERM
Topical term or geographic name as entry element Vector analysis
942 ## - ADDED ENTRY ELEMENTS (KOHA)
Koha item type General Book
Holdings
Price effective from Koha item type Sublocation or collection (holding branch) Location (home branch) Koha normalized classification for sorting Koha date last borrowed Copy number Source of classification or shelving scheme Shelving location Not for loan Lost status Koha renewals Date acquired Koha out on loan Damaged status Withdrawn status Koha issues (times borrowed) Piece designation (barcode) Koha date last seen Koha full call number
2014-11-29General BookCentral Library, BUETCentral Library, BUET516_830000000000000_ALI_19932022-12-138 Circulation section   2014-11-292022-12-27  3875312022-12-13516.83/ALI/1993
2014-12-21General BookCentral Library, BUETCentral Library, BUET516_830000000000000_ALI_19982025-04-292 Circulation section  12014-12-21   13875282025-05-13516.83/ALI/1998
2015-01-27General BookCentral Library, BUETCentral Library, BUET516_830000000000000_ALI_1998 3 Circulation section   2015-01-27    875302016-04-02516.83/ALI/1998
2015-01-31General BookCentral Library, BUETCentral Library, BUET516_830000000000000_ALI_19982022-12-134 Circulation section   2015-01-31   6487832025-11-30516.83/ALI/1998
2015-02-11General BookCentral Library, BUETCentral Library, BUET516_830000000000000_ALI_19982020-01-051 Circulation section   2015-02-11   5941022020-11-03516.83/ALI/1998
2015-04-11General BookCentral Library, BUETCentral Library, BUET516_830000000000000_ALI_19932024-04-027 Circulation section   2015-04-11   8875252025-11-18516.83/ALI/1993
2015-04-23General BookCentral Library, BUETCentral Library, BUET516_830000000000000_ALI_19932023-09-276 Circulation section   2015-04-23   6875262025-11-29516.83/ALI/1993
2015-05-03General BookCentral Library, BUETCentral Library, BUET516_830000000000000_ALI_19932022-03-307 Circulation section   2015-05-03   2875292022-05-25516.83/ALI/1993
2015-06-07Reading ItemCentral Library, BUETCentral Library, BUET516_830000000000000_ALI_1993 9 Reading section   2015-06-07    875502015-06-07516.83/ALI/1993
2015-06-07Reading ItemCentral Library, BUETCentral Library, BUET516_830000000000000_ALI_1993 10 Reading section   2015-06-07    923742015-06-07516.83/ALI/1993
2015-06-08Reading ItemCentral Library, BUETCentral Library, BUET516_830000000000000_ALI_1993 12 Reading section   2015-06-08    941002015-06-08516.83/ALI/1993
2015-06-14Reading ItemCentral Library, BUETCentral Library, BUET516_830000000000000_ALI_1993 13 Reading section   2015-06-14    875512015-06-14516.83/ALI/1993
2015-09-02General BookCentral Library, BUETCentral Library, BUET516_830000000000000_ALI_1993 14 Circulation section   2015-09-02    875272017-03-04516.83/ALI/1993